[Event "Winnipeg TNT March op"]
[Site "Winnipeg CAN"]
[Date "2009.03.17"]
[Round "3"]
[White "Campbell, Gary"]
[Black "Rutter, Blair"]
[Result "0-1"]
[WhiteElo "1640"]
[BlackElo "1845"]
[PlyCount "96"]
[GameId "2160767740941016"]
[EventDate "2009.03.03"]
[EventType "swiss"]
[EventRounds "5"]
[EventCountry "CAN"]

1. d4 e6 2. c4 c5 3. d5 d6 4. e4 e5 5. Nc3 Be7 6. Be2 f5 7. f4 fxe4 8. Nxe4 Nf6 9. Ng3 O-O 10. Nf3 exf4 11. Bxf4 Ng4 12. Bd2 Nd7 13. O-O Ndf6 14. h3 Ne5 15. Nxe5 dxe5 16. Bd3 Qd6 17. Bf5 Bd7 18. Bg5 Rae8 19. Bxf6 Bxf6 20. Ne4 Qc7 21. Bxd7 Qxd7 22. Nxc5 Qd6 23. Ne4 Qb6+ 24. c5 Qb4 25. Qd3 Rd8 26. d6 Kh8 27. a3 Qa4 28. b4 a6 29. Qd5 Rd7 30. Qe6 Rdf7 31. Qd5 Qc6 32. Qxc6 bxc6 33. Rad1 Kg8 34. Ng3 Bh4 35. Rxf7 Rxf7 36. d7 Bd8 37. Ne4 h6 38. Rd6 Kf8 39. Rxc6 Rxd7 40. Rd6 Rxd6 41. Nxd6 Ke7 42. Kf2 Ke6 43. Ke3 Kd5 44. Kd3 Bg5 45. Ne4 Bc1 46. Nc3+ Kc6 47. a4 a5 48. Kc2 axb4 {White lost on time.} 0-1

[Event "Winnipeg TNT March op"]
[Site "Winnipeg CAN"]
[Date "2009.03.17"]
[Round "3"]
[White "Green, Jim"]
[Black "Einarsson, Ken"]
[Result "0-1"]
[WhiteElo "1817"]
[BlackElo "1694"]
[PlyCount "50"]
[GameId "2160767910239891"]
[EventDate "2009.03.03"]
[EventType "swiss"]
[EventRounds "5"]
[EventCountry "CAN"]
[SourceTitle "EXT 2011"]
[Source "ChessBase"]
[SourceDate "2011.11.26"]
[SourceVersion "1"]
[SourceVersionDate "2011.11.26"]
[SourceQuality "1"]

1. e4 e5 2. Nf3 Nc6 3. Bc4 Nf6 4. d3 Bc5 5. O-O d6 6. h3 O-O 7. c3 d5 8. exd5 Nxd5 9. b4 Bb6 10. a4 a6 11. Qb3 Be6 12. Ng5 h6 13. Nf3 Qd7 14. Qc2 Rad8 15. b5 axb5 16. axb5 Na5 17. Ba3 Nxc4 18. Bxf8 Nce3 19. fxe3 Nxe3 20. Qe2 Nxf1+ 21. Kxf1 Kxf8 22. Nxe5 Qxb5 23. Nd2 Qc5 24. Nef3 Qxc3 25. Re1 Qxd3 0-1

[Event "Winnipeg TNT March op"]
[Site "Winnipeg CAN"]
[Date "2009.03.17"]
[Round "3"]
[White "Green, Leah"]
[Black "Trinidad, Kris"]
[Result "1/2-1/2"]
[WhiteElo "1185"]
[BlackElo "1563"]
[PlyCount "47"]
[GameId "2160767740941018"]
[EventDate "2009.03.03"]
[EventType "swiss"]
[EventRounds "5"]
[EventCountry "CAN"]

1. e4 c5 2. Nf3 Nc6 3. d4 cxd4 4. Nxd4 d6 5. Nxc6 bxc6 6. Nc3 Nf6 7. Bc4 g6 8. Bg5 Bg7 9. h3 O-O 10. O-O Bb7 11. Bxf6 Bxf6 12. Bb3 a5 13. a4 Rb8 14. Re1 Qc7 15. Rb1 Rfd8 16. Qe2 e5 17. Qc4 Bc8 18. Qd3 d5 19. exd5 cxd5 20. Bxd5 Be6 21. Qe4 Rb4 22. Qd3 Bxd5 23. Nb5 Bc4 24. Nxc7 {Missing move(s) in score. Draw agreed after White's 45th (or so) move.} 1/2-1/2

[Event "Winnipeg TNT March op"]
[Site "Winnipeg CAN"]
[Date "2009.03.17"]
[Round "3"]
[White "Kernetsky, Myron"]
[Black "Greenberg, Harley"]
[Result "1-0"]
[WhiteElo "1957"]
[BlackElo "1768"]
[PlyCount "47"]
[GameId "2160767910239892"]
[EventDate "2009.03.03"]
[EventType "swiss"]
[EventRounds "5"]
[EventCountry "CAN"]
[SourceTitle "EXT 2011"]
[Source "ChessBase"]
[SourceDate "2011.11.26"]
[SourceVersion "1"]
[SourceVersionDate "2011.11.26"]
[SourceQuality "1"]

1. d4 Nf6 2. c4 c5 3. d5 e6 4. Nc3 exd5 5. cxd5 d6 6. e4 g6 7. Nf3 Bg7 8. Be2 O-O 9. Bf4 b5 10. Bxb5 Nxe4 11. Nxe4 Qa5+ 12. Nfd2 Qxb5 13. Nxd6 Qa6 14. N2c4 Bd7 15. O-O Bb5 16. Qc2 Nd7 17. Rfd1 Rab8 18. Rab1 Qxa2 19. Ra1 Ba4 20. Qxa4 Qxa4 21. Rxa4 Bxb2 22. Rxa7 Nf6 23. Nxb2 Rxb2 24. Be5 1-0

[Event "Winnipeg TNT March op"]
[Site "Winnipeg CAN"]
[Date "2009.03.17"]
[Round "3"]
[White "Lipic, Stephen"]
[Black "Lauritson, Jim"]
[Result "0-1"]
[WhiteElo "1649"]
[BlackElo "1882"]
[PlyCount "58"]
[GameId "2160767910239893"]
[EventDate "2009.03.03"]
[EventType "swiss"]
[EventRounds "5"]
[EventCountry "CAN"]
[SourceTitle "EXT 2011"]
[Source "ChessBase"]
[SourceDate "2011.11.26"]
[SourceVersion "1"]
[SourceVersionDate "2011.11.26"]
[SourceQuality "1"]

1. f4 d5 2. Nf3 Bg4 3. e3 Nd7 4. h3 Bxf3 5. Qxf3 c6 6. b3 e5 7. Nc3 Ngf6 8. Be2 Bd6 9. O-O exf4 10. exf4 O-O 11. Bd3 Qb6+ 12. Kh1 Rae8 13. Bb2 Qc7 14. g4 Nc5 15. Bf5 Nfe4 16. Rad1 f6 17. Ne2 Ne6 18. d3 N4c5 19. g5 fxg5 20. Bxh7+ Kxh7 21. Qh5+ Kg8 22. fxg5 Rxf1+ 23. Rxf1 Rf8 24. Rxf8+ Nxf8 25. g6 Qe7 26. Qg4 Qe6 27. Qd4 Qxh3+ 28. Kg1 Nce6 29. Qxa7 Bc5+ 0-1

[Event "Winnipeg TNT March op"]
[Site "Winnipeg CAN"]
[Date "2009.03.17"]
[Round "3"]
[White "Menard, Trevor"]
[Black "Trueman, Francis"]
[Result "0-1"]
[WhiteElo "1338"]
[BlackElo "1522"]
[PlyCount "51"]
[GameId "2160767910239894"]
[EventDate "2009.03.03"]
[EventType "swiss"]
[EventRounds "5"]
[EventCountry "CAN"]
[SourceTitle "EXT 2011"]
[Source "ChessBase"]
[SourceDate "2011.11.26"]
[SourceVersion "1"]
[SourceVersionDate "2011.11.26"]
[SourceQuality "1"]

1. d4 Nf6 2. Nf3 d6 3. Bg5 Nbd7 4. e3 g6 5. Bd3 Bg7 6. c3 O-O 7. O-O Re8 8. e4 e5 9. d5 c6 10. dxc6 bxc6 11. Bc2 a5 12. Qxd6 Rb8 13. b3 h6 14. Bh4 g5 15. Bg3 Re6 16. Qa3 Nh5 17. Rd1 Nxg3 18. fxg3 Bf8 19. Qb2 Qb6+ 20. Kh1 Nf6 21. c4 Ng4 22. Rf1 Nf2+ 23. Kg1 Nd3+ 24. Kh1 Nxb2 25. Nbd2 Bb4 26. Rad1 0-1

[Event "Winnipeg TNT March op"]
[Site "Winnipeg CAN"]
[Date "2009.03.17"]
[Round "3"]
[White "Ott, Richard"]
[Black "Wiebe, Daniel"]
[Result "1/2-1/2"]
[WhiteElo "1457"]
[BlackElo "1939"]
[PlyCount "69"]
[GameId "2160767910239896"]
[EventDate "2009.03.03"]
[EventType "swiss"]
[EventRounds "5"]
[EventCountry "CAN"]
[SourceTitle "EXT 2011"]
[Source "ChessBase"]
[SourceDate "2011.11.26"]
[SourceVersion "1"]
[SourceVersionDate "2011.11.26"]
[SourceQuality "1"]

1. d4 Nf6 2. Nf3 g6 3. Bf4 Bg7 4. e3 O-O 5. h3 d6 6. Be2 Nbd7 7. O-O c5 8. c3 Qb6 9. Qc2 Nd5 10. Bh2 N7f6 11. Nbd2 Bd7 12. Rfe1 cxd4 13. Nxd4 Rac8 14. a3 Bh6 15. Nc4 Qc7 16. b4 b5 17. e4 Nxc3 18. Qxc3 bxc4 19. Bf3 Bg7 20. e5 Ne8 21. exd6 Nxd6 22. Rxe7 Bf6 23. Re2 Qb6 24. Be5 Bxe5 25. Rxe5 Nf5 26. Nxf5 Bxf5 27. Rae1 Rfd8 28. Bd5 Qd6 29. g4 Bd3 30. Qd4 a6 31. Qe3 Kg7 32. Qf3 Qf6 33. Qe3 Rc7 34. g5 Qd6 35. Qd4 1/2-1/2

[Event "Winnipeg TNT March op"]
[Site "Winnipeg CAN"]
[Date "2009.03.17"]
[Round "3"]
[White "Swift, Ryne"]
[Black "Khedkar, Jay S"]
[Result "0-1"]
[WhiteElo "1722"]
[BlackElo "1974"]
[PlyCount "120"]
[GameId "2160767910239897"]
[EventDate "2009.03.03"]
[EventType "swiss"]
[EventRounds "5"]
[EventCountry "CAN"]
[SourceTitle "EXT 2011"]
[Source "ChessBase"]
[SourceDate "2011.11.26"]
[SourceVersion "1"]
[SourceVersionDate "2011.11.26"]
[SourceQuality "1"]

1. e4 e6 2. d4 d5 3. Nc3 Nf6 4. exd5 exd5 5. Nf3 Be7 6. Bd3 O-O 7. O-O Nbd7 8. Re1 Re8 9. Bf4 c6 10. Qd2 Nf8 11. Re2 Bg4 12. Kh1 Bxf3 13. gxf3 Qd7 14. Rg1 Bd6 15. Bxd6 Qxd6 16. Qg5 Ng6 17. Rxe8+ Nxe8 18. Qe3 Qf6 19. Bxg6 hxg6 20. Rg3 Nd6 21. Qe5 Nf5 22. Rg4 Qxe5 23. dxe5 Re8 24. Rb4 b5 25. f4 a5 26. Rb3 Nd4 27. Ra3 b4 28. Ra4 bxc3 29. Rxd4 cxb2 30. Rd1 Kf8 31. c3 Ke7 32. Kg2 Ke6 33. Kf3 a4 34. Ke3 Kf5 35. Rb1 a3 36. Kd4 Kxf4 37. Kc5 Re6 38. Kb4 Kf3 39. Kxa3 Kxf2 40. Rxb2+ Ke3 41. Rb1 c5 42. Ka4 d4 43. cxd4 cxd4 44. Kb5 d3 45. a4 d2 46. a5 Rxe5+ 47. Kb6 Rxa5 48. Kxa5 Ke2 49. Kb5 d1=Q 50. Rxd1 Kxd1 51. Kc6 f5 52. Kd5 g5 53. Ke5 f4 54. h4 f3 55. hxg5 f2 56. Kf5 f1=Q+ 57. Kg6 Qg2 58. Kf5 Ke2 59. Kg6 Ke3 60. Kxg7 Qxg5+ 0-1

[Event "Winnipeg TNT March op"]
[Site "Winnipeg CAN"]
[Date "2009.03.17"]
[Round "3"]
[White "Wasserman, Arie"]
[Black "De Groot, Stephen"]
[Result "0-1"]
[WhiteElo "1690"]
[BlackElo "1620"]
[PlyCount "46"]
[GameId "2160767910239898"]
[EventDate "2009.03.03"]
[EventType "swiss"]
[EventRounds "5"]
[EventCountry "CAN"]
[SourceTitle "EXT 2011"]
[Source "ChessBase"]
[SourceDate "2011.11.26"]
[SourceVersion "1"]
[SourceVersionDate "2011.11.26"]
[SourceQuality "1"]

1. e4 c5 2. Nf3 d6 3. Nc3 Nf6 4. Bc4 a6 5. a4 e6 6. Qe2 Nc6 7. e5 dxe5 8. Nxe5 Nd4 9. Qd1 Qc7 10. Nf3 Bd6 11. d3 O-O 12. Bg5 Be7 13. Bxf6 Bxf6 14. Ne4 Nxf3+ 15. gxf3 Bxb2 16. Rb1 Qa5+ 17. Kf1 Bd4 18. Bb3 b5 19. axb5 axb5 20. c4 b4 21. f4 Qc7 22. Qf3 Bb7 23. Qg4 f5 0-1

[Event "Winnipeg TNT March op"]
[Site "Winnipeg CAN"]
[Date "2009.03.17"]
[Round "3"]
[White "Wasserman, Leor"]
[Black "Evans, Brian"]
[Result "1-0"]
[WhiteElo "1584"]
[BlackElo "1552"]
[PlyCount "47"]
[GameId "2160767740941020"]
[EventDate "2009.03.03"]
[EventType "swiss"]
[EventRounds "5"]
[EventCountry "CAN"]

1. e4 c5 2. Nf3 d6 3. c3 Nc6 4. d4 cxd4 5. cxd4 Nf6 6. Bd3 Bg4 7. Qa4 Bxf3 8. gxf3 h6 9. d5 Qa5+ 10. Qxa5 Nxa5 11. Bd2 b6 12. Bc2 Nc4 13. Bc3 Rc8 14. Bd3 Ne5 15. Ba6 Rc7 16. Bb5+ Nfd7 17. Nd2 f6 18. Bxe5 dxe5 19. Bc6 Kf7 20. Nc4 b5 21. Bxb5 Rc5 22. a4 g6 23. b4 Rc7 24. Ke2 {Score incomplete. Black resigned around move 34.} 1-0

[Event "Winnipeg TNT March op"]
[Site "Winnipeg CAN"]
[Date "2009.03.17"]
[Round "3"]
[White "Wierda, John"]
[Black "Strehlow, Chris"]
[Result "1-0"]
[WhiteElo "1754"]
[BlackElo "1827"]
[PlyCount "39"]
[GameId "2160767740941021"]
[EventDate "2009.03.03"]
[EventType "swiss"]
[EventRounds "5"]
[EventCountry "CAN"]

1. Nf3 g6 2. g3 b6 3. Bg2 Bb7 4. O-O Bg7 5. d4 d6 6. c4 Nd7 7. Nc3 e6 8. Bg5 Ne7 9. Rc1 O-O 10. Qd2 Rc8 11. Rfd1 Nf6 12. Bh6 Bxh6 13. Qxh6 Bxf3 14. Bxf3 c6 15. Qg5 Kg7 16. h4 d5 17. b3 Nf5 18. Kg2 Re8 19. Rh1 dxc4 20. bxc4 {Muddled game score. Black resigned on move 64.} 1-0

[Event "Winnipeg TNT March op"]
[Site "Winnipeg CAN"]
[Date "2009.03.17"]
[Round "3"]
[White "Wood, Nathan"]
[Black "Magnusson, Saul"]
[Result "1/2-1/2"]
[WhiteElo "1602"]
[BlackElo "1461"]
[PlyCount "42"]
[GameId "2160767740941022"]
[EventDate "2009.03.03"]
[EventType "swiss"]
[EventRounds "5"]
[EventCountry "CAN"]

1. d4 d5 2. c4 e6 3. Nf3 Nf6 4. Nc3 Be7 5. Bg5 O-O 6. e3 h6 7. Bh4 b6 8. Bd3 Bb7 9. O-O c5 10. Rc1 Nbd7 11. cxd5 Nxd5 12. Bxe7 Qxe7 13. Bb1 Rac8 14. e4 Nxc3 15. bxc3 Rfd8 16. Qd3 Rc7 17. d5 Nf6 18. c4 exd5 19. cxd5 Nxe4 20. Rfe1 Bxd5 21. Nd2 Rcd7 {Muddled game score. Draw agreed after White's move somewhere in the 40s.} 1/2-1/2

[Event "Winnipeg TNT March op"]
[Site "Winnipeg CAN"]
[Date "2009.03.24"]
[Round "4"]
[White "Campbell, Gary"]
[Black "Trueman, Francis"]
[Result "1-0"]
[WhiteElo "1640"]
[BlackElo "1522"]
[PlyCount "64"]
[GameId "2160767910239899"]
[EventDate "2009.03.03"]
[EventType "swiss"]
[EventRounds "5"]
[EventCountry "CAN"]
[SourceTitle "EXT 2011"]
[Source "ChessBase"]
[SourceDate "2011.11.26"]
[SourceVersion "1"]
[SourceVersionDate "2011.11.26"]
[SourceQuality "1"]

1. d4 Nf6 2. c4 d6 3. Nc3 g6 4. e4 Bg7 5. Be2 O-O 6. Nf3 c6 7. O-O Qc7 8. Ne1 e5 9. Be3 Nbd7 10. f3 h5 11. Qd2 Nh7 12. d5 Kh8 13. dxc6 bxc6 14. Rd1 Rb8 15. b3 f5 16. Qxd6 Qa5 17. Na4 Rf6 18. Qd2 Qc7 19. Nc5 Nxc5 20. Bxc5 Be6 21. Bd6 Qb7 22. Bxe5 fxe4 23. Bxb8 Qb6+ 24. Kh1 Rf8 25. Bd6 e3 26. Qb4 Qxb4 27. Bxb4 Rb8 28. Bc5 Re8 29. Rd3 Bh6 30. f4 Bg4 31. Bxg4 e2 32. Bxe2 Rxe2 1-0

[Event "Winnipeg TNT March op"]
[Site "Winnipeg CAN"]
[Date "2009.03.24"]
[Round "4"]
[White "Einarsson, Ken"]
[Black "Boron, Anthony"]
[Result "0-1"]
[WhiteElo "1694"]
[BlackElo "1993"]
[PlyCount "96"]
[GameId "2160767910239900"]
[EventDate "2009.03.03"]
[EventType "swiss"]
[EventRounds "5"]
[EventCountry "CAN"]
[SourceTitle "EXT 2011"]
[Source "ChessBase"]
[SourceDate "2011.11.26"]
[SourceVersion "1"]
[SourceVersionDate "2011.11.26"]
[SourceQuality "1"]

1. d4 Nf6 2. c4 c5 3. e3 e6 4. Nc3 cxd4 5. exd4 d5 6. Nf3 Bb4 7. a3 Bxc3+ 8. bxc3 O-O 9. c5 Nc6 10. Bf4 Qa5 11. Qc2 Ne4 12. Bd2 e5 13. Be2 exd4 14. cxd4 Nxd2 15. Qxd2 Qxd2+ 16. Kxd2 Bg4 17. Kd3 Rfe8 18. Rhe1 Re4 19. Rad1 Rae8 20. Ng1 Rxd4+ 21. Kc2 Bxe2 22. Rxe2 Rxe2+ 23. Nxe2 Rc4+ 24. Kb3 Rxc5 25. Nf4 Ne7 26. Nd3 Rb5+ 27. Ka4 a6 28. Nb4 Kf8 29. Rc1 Ke8 30. Nd3 Nc6 31. Nb4 Kd7 32. f4 Kd6 33. g4 g6 34. h4 Ra5+ 35. Kb3 Nd4+ 36. Kb2 Rb5 37. Ka2 a5 38. Nd3 Ne2 39. Rc2 Nd4 40. Rd2 Nf3 41. Rf2 Nxh4 42. Rh2 g5 43. fxg5 Nf3 44. Rh6+ Ke7 45. Rxh7 Nxg5 46. Rg7 Ne4 47. Nb2 Nc3+ 48. Ka1 Rb3 0-1

[Event "Winnipeg TNT March op"]
[Site "Winnipeg CAN"]
[Date "2009.03.24"]
[Round "4"]
[White "Green, Aaron"]
[Black "Ott, Richard"]
[Result "1-0"]
[WhiteElo "1817"]
[BlackElo "1457"]
[PlyCount "63"]
[GameId "2160767910239902"]
[EventDate "2009.03.03"]
[EventType "swiss"]
[EventRounds "5"]
[EventCountry "CAN"]
[SourceTitle "EXT 2011"]
[Source "ChessBase"]
[SourceDate "2011.11.26"]
[SourceVersion "1"]
[SourceVersionDate "2011.11.26"]
[SourceQuality "1"]

1. e4 c5 2. Nf3 Nc6 3. d4 cxd4 4. Nxd4 g6 5. Nxc6 bxc6 6. Qd4 f6 7. Bc4 e5 8. Qd3 Ne7 9. Nc3 g5 10. Bd2 Ng6 11. O-O-O Rb8 12. Bb3 Nf4 13. Bxf4 gxf4 14. Qf3 Rxb3 15. Qh5+ Ke7 16. axb3 Qa5 17. Kb1 Kd8 18. Qf7 Be7 19. Qc4 Qb6 20. f3 Ba6 21. Qa4 Rg8 22. Rd2 Bc5 23. Nd1 Bb5 24. Qa2 Bd4 25. c3 Be3 26. Nxe3 Qxe3 27. Rhd1 Rg7 28. c4 Rxg2 29. Rxg2 Qxf3 30. Rg8+ Ke7 31. Qa3+ Kf7 32. Qf8+ 1-0

[Event "Winnipeg TNT March op"]
[Site "Winnipeg CAN"]
[Date "2009.03.24"]
[Round "4"]
[White "Greenberg, Harley"]
[Black "Magnusson, Saul"]
[Result "1/2-1/2"]
[WhiteElo "1768"]
[BlackElo "1461"]
[PlyCount "47"]
[GameId "2160767910239903"]
[EventDate "2009.03.03"]
[EventType "swiss"]
[EventRounds "5"]
[EventCountry "CAN"]
[SourceTitle "EXT 2011"]
[Source "ChessBase"]
[SourceDate "2011.11.26"]
[SourceVersion "1"]
[SourceVersionDate "2011.11.26"]
[SourceQuality "1"]

1. e4 d5 2. exd5 Qxd5 3. Nc3 Qd6 4. d4 Nf6 5. Nf3 a6 6. Bc4 b5 7. Bb3 Nbd7 8. O-O Bb7 9. Ng5 e6 10. Re1 Be7 11. Nxe6 fxe6 12. Rxe6 Qb4 13. a3 Qa5 14. Qe2 Ng8 15. Bg5 Ndf6 16. Bxf6 gxf6 17. Qh5+ Kd8 18. Qf7 b4 19. Rae1 bxc3 20. Rxe7 Nxe7 21. Qxe7+ Kc8 22. Qxf6 Bxg2 23. Qxh8+ Kb7 24. Qe5 1/2-1/2

[Event "Winnipeg TNT March op"]
[Site "Winnipeg CAN"]
[Date "2009.03.24"]
[Round "4"]
[White "Khedkar, Jay S"]
[Black "Rutter, Blair"]
[Result "1-0"]
[WhiteElo "1974"]
[BlackElo "1845"]
[PlyCount "91"]
[GameId "2160767910239904"]
[EventDate "2009.03.03"]
[EventType "swiss"]
[EventRounds "5"]
[EventCountry "CAN"]
[SourceTitle "EXT 2011"]
[Source "ChessBase"]
[SourceDate "2011.11.26"]
[SourceVersion "1"]
[SourceVersionDate "2011.11.26"]
[SourceQuality "1"]

1. e4 e6 2. d4 d5 3. Nd2 Nf6 4. e5 Nfd7 5. Bd3 c5 6. c3 Nc6 7. Ne2 Qb6 8. Nf3 cxd4 9. cxd4 Be7 10. O-O O-O 11. Re1 f5 12. Nf4 Nb4 13. Bb1 Rf7 14. a3 Na6 15. Nxd5 Qd8 16. Nxe7+ Qxe7 17. d5 Nb6 18. dxe6 Bxe6 19. Ng5 Rd8 20. Qh5 g6 21. Qh3 Rg7 22. Nxe6 Qxe6 23. Ba2 Nd5 24. Bg5 Rdd7 25. Bf6 Rgf7 26. Red1 Nac7 27. Qb3 b6 28. Rac1 h6 29. Rxc7 Nxc7 30. Rxd7 Qxd7 31. h4 Kf8 32. Qb4+ Ke8 33. Bxf7+ Kxf7 34. Qd6 Qxd6 35. exd6 Ne6 36. Be5 Nc5 37. Kf1 Nd3 38. f4 g5 39. Ke2 Nc5 40. hxg5 hxg5 41. fxg5 Ne6 42. Bf6 Nc5 43. Ke3 Kg6 44. Kd4 Kf7 45. Kd5 Nd7 46. Be5 1-0

[Event "Winnipeg TNT March op"]
[Site "Winnipeg CAN"]
[Date "2009.03.24"]
[Round "4"]
[White "Lauritson, Jim"]
[Black "Mundwiler, Les"]
[Result "0-1"]
[WhiteElo "1882"]
[BlackElo "2005"]
[PlyCount "94"]
[GameId "2160767910239905"]
[EventDate "2009.03.03"]
[EventType "swiss"]
[EventRounds "5"]
[EventCountry "CAN"]
[SourceTitle "EXT 2011"]
[Source "ChessBase"]
[SourceDate "2011.11.26"]
[SourceVersion "1"]
[SourceVersionDate "2011.11.26"]
[SourceQuality "1"]

1. d4 d5 2. c4 e6 3. Nc3 c5 4. cxd5 exd5 5. Nf3 Nc6 6. g3 Nf6 7. Bg2 Be7 8. O-O O-O 9. Bg5 c4 10. Ne5 Be6 11. e3 Qa5 12. f4 Rad8 13. Qf3 h6 14. Bh4 Rfe8 15. f5 Bc8 16. g4 Bb4 17. Nxc6 bxc6 18. Bxf6 gxf6 19. Rac1 Qc7 20. Qh3 Kg7 21. a3 Bd6 22. Ne2 Qe7 23. Rc3 Ba6 24. Ng3 Bxg3 25. Qxg3 Rb8 26. Rf2 Rh8 27. h4 Rb7 28. g5 hxg5 29. hxg5 Qc7 30. Qxc7 Rxc7 31. gxf6+ Kxf6 32. e4 dxe4 33. Bxe4 Rh4 34. Re2 Re7 35. Bf3 Rxe2 36. Bxe2 Rxd4 37. b3 Kxf5 38. Bxc4 Bxc4 39. bxc4 c5 40. Kf2 Ke5 41. Kf3 f5 42. Ke3 f4+ 43. Kf3 Kf5 44. Kf2 Ke4 45. Ke2 a6 46. Kf2 Rd2+ 47. Ke1 Rd3 0-1

[Event "Winnipeg TNT March op"]
[Site "Winnipeg CAN"]
[Date "2009.03.24"]
[Round "4"]
[White "Lipic, Stephen"]
[Black "Green, Jim"]
[Result "0-1"]
[WhiteElo "1649"]
[BlackElo "1817"]
[PlyCount "112"]
[GameId "2160767910239906"]
[EventDate "2009.03.03"]
[EventType "swiss"]
[EventRounds "5"]
[EventCountry "CAN"]
[SourceTitle "EXT 2011"]
[Source "ChessBase"]
[SourceDate "2011.11.26"]
[SourceVersion "1"]
[SourceVersionDate "2011.11.26"]
[SourceQuality "1"]

1. f4 d5 2. Nf3 g6 3. g3 Bg7 4. Bg2 c6 5. O-O Nf6 6. d3 O-O 7. c3 Qb6+ 8. Kh1 Ng4 9. Qe1 Nd7 10. e4 Nc5 11. Qe2 dxe4 12. dxe4 Nxe4 13. Qxe4 Nf2+ 14. Rxf2 Qxf2 15. Be3 Qxb2 16. Nh4 Bf6 17. f5 Bxh4 18. fxg6 Bf6 19. gxh7+ Kh8 20. Bd4 Qc1+ 21. Bg1 Be6 22. Qe3 Qxe3 23. Bxe3 Rfd8 24. Na3 Bxc3 25. Rc1 Bd2 26. Bxd2 Rxd2 27. Nc2 Bd5 28. Bxd5 Rxd5 29. Ne3 Rd2 30. a3 Kxh7 31. Rb1 b6 32. Rb4 e6 33. Rh4+ Kg7 34. Rg4+ Kf6 35. Rf4+ Ke7 36. Re4 Kd7 37. a4 Rh8 38. h4 c5 39. a5 Rd4 40. Rxd4+ cxd4 41. Nc2 d3 42. Ne3 bxa5 43. Kg2 Kc6 44. Kf3 a4 45. Ke4 Rd8 46. Nd1 a3 47. Nc3 d2 48. Ke5 d1=Q 49. Nxd1 Rxd1 50. g4 a2 51. Kf6 a1=Q+ 52. Kxf7 Rf1+ 53. Kg6 Qf6+ 54. Kh5 Qh8+ 55. Kg5 a5 56. h5 Qf6# 0-1

[Event "Winnipeg TNT March op"]
[Site "Winnipeg CAN"]
[Date "2009.03.24"]
[Round "4"]
[White "Trinidad, Kris"]
[Black "Wasserman, Leor"]
[Result "1-0"]
[WhiteElo "1563"]
[BlackElo "1584"]
[PlyCount "101"]
[GameId "2160767910239907"]
[EventDate "2009.03.03"]
[EventType "swiss"]
[EventRounds "5"]
[EventCountry "CAN"]
[SourceTitle "EXT 2011"]
[Source "ChessBase"]
[SourceDate "2011.11.26"]
[SourceVersion "1"]
[SourceVersionDate "2011.11.26"]
[SourceQuality "1"]

1. e4 c5 2. Nf3 d6 3. d4 cxd4 4. Nxd4 Nf6 5. Nc3 a6 6. Bg5 e6 7. Qd2 Be7 8. O-O-O Nc6 9. Nxc6 bxc6 10. Bxf6 Bxf6 11. Qxd6 Bg5+ 12. Kb1 Qb6 13. f3 Be7 14. Qf4 Rb8 15. b3 Qa5 16. Qxb8 O-O 17. Na4 c5 18. Bc4 Bf6 19. h4 Bd7 20. Qb6 Qxb6 21. Nxb6 Bb5 22. Bxb5 axb5 23. Nd7 Rc8 24. Nxf6+ gxf6 25. Kb2 f5 26. exf5 exf5 27. Rd5 Kg7 28. Rxf5 Kg6 29. g4 f6 30. Re1 b4 31. Re6 c4 32. Rexf6+ Kg7 33. Rf7+ Kg8 34. bxc4 Rxc4 35. Rf8+ Kg7 36. Rb8 Rd4 37. Kb3 Rd7 38. Rxb4 Re7 39. a4 Re3+ 40. c3 Re1 41. a5 Kg6 42. a6 h5 43. a7 hxg4 44. fxg4 Rb1+ 45. Ka2 Rd1 46. a8=Q Rd2+ 47. Kb3 Rd8 48. Qc6+ Rd6 49. Qxd6+ Kg7 50. Rb7+ Kh8 51. Qd8# 1-0

[Event "Winnipeg TNT March op"]
[Site "Winnipeg CAN"]
[Date "2009.03.24"]
[Round "4"]
[White "Wasserman, Arie"]
[Black "Swift, Ryne"]
[Result "1-0"]
[WhiteElo "1690"]
[BlackElo "1722"]
[PlyCount "35"]
[GameId "2160767910239908"]
[EventDate "2009.03.03"]
[EventType "swiss"]
[EventRounds "5"]
[EventCountry "CAN"]
[SourceTitle "EXT 2011"]
[Source "ChessBase"]
[SourceDate "2011.11.26"]
[SourceVersion "1"]
[SourceVersionDate "2011.11.26"]
[SourceQuality "1"]

1. e4 e5 2. Nf3 Nc6 3. Nc3 Nf6 4. Bc4 Bc5 5. d3 h6 6. a3 d6 7. Na4 Bb6 8. Nxb6 axb6 9. h3 O-O 10. g4 Be6 11. g5 hxg5 12. Bxg5 Bxc4 13. dxc4 Qd7 14. Bxf6 gxf6 15. Nh4 Rfe8 16. Nf5 Kf8 17. Qh5 Ne7 18. Qh8+ 1-0

[Event "Winnipeg TNT March op"]
[Site "Winnipeg CAN"]
[Date "2009.03.24"]
[Round "4"]
[White "Wiebe, Daniel"]
[Black "Milord, Frank"]
[Result "1-0"]
[WhiteElo "1939"]
[BlackElo "1581"]
[PlyCount "73"]
[GameId "2160767910239909"]
[EventDate "2009.03.03"]
[EventType "swiss"]
[EventRounds "5"]
[EventCountry "CAN"]
[SourceTitle "EXT 2011"]
[Source "ChessBase"]
[SourceDate "2011.11.26"]
[SourceVersion "1"]
[SourceVersionDate "2011.11.26"]
[SourceQuality "1"]

1. e4 d6 2. d4 Nf6 3. Nc3 g6 4. Nf3 Bg7 5. h3 O-O 6. Be3 c6 7. Qd2 b5 8. a3 a5 9. Bd3 Bb7 10. Bh6 b4 11. Ne2 c5 12. Bxg7 Kxg7 13. Ng3 Qc7 14. axb4 cxb4 15. O-O Nbd7 16. c3 bxc3 17. bxc3 d5 18. Rfe1 e6 19. e5 Ng8 20. h4 Nb6 21. h5 Nc4 22. Qg5 Qe7 23. Qxe7 Nxe7 24. hxg6 hxg6 25. Bxc4 dxc4 26. Nd2 Rfc8 27. Reb1 Bd5 28. Rb5 a4 29. Ra3 Nc6 30. Rc5 Rcb8 31. Ngf1 Rb3 32. Nxb3 cxb3 33. Nd2 b2 34. Rb5 Rb8 35. Rxb8 Nxb8 36. Rxa4 Bb3 37. Rb4 1-0

[Event "Winnipeg TNT March op"]
[Site "Winnipeg CAN"]
[Date "2009.03.24"]
[Round "4"]
[White "Wierda, John"]
[Black "Kernetsky, Myron"]
[Result "1/2-1/2"]
[WhiteElo "1754"]
[BlackElo "1957"]
[PlyCount "67"]
[GameId "2160767910239910"]
[EventDate "2009.03.03"]
[EventType "swiss"]
[EventRounds "5"]
[EventCountry "CAN"]
[SourceTitle "EXT 2011"]
[Source "ChessBase"]
[SourceDate "2011.11.26"]
[SourceVersion "1"]
[SourceVersionDate "2011.11.26"]
[SourceQuality "1"]

1. Nf3 Nf6 2. g3 b6 3. Bg2 Bb7 4. O-O e6 5. c4 c5 6. d3 Be7 7. Bg5 O-O 8. Qd2 Nc6 9. a3 Re8 10. Nc3 a6 11. Rab1 d5 12. cxd5 Nxd5 13. Nxd5 Qxd5 14. Bxe7 Rxe7 15. Rfc1 a5 16. Ne1 Qd6 17. Nc2 h6 18. Qc3 Rd7 19. Rd1 Nd4 20. Nxd4 cxd4 21. Qd2 Bxg2 22. Kxg2 Rc7 23. Kg1 Rac8 24. Rdc1 Kf8 25. Rxc7 Qxc7 26. b4 Qc3 27. Qb2 Qxb2 28. Rxb2 Rc3 29. bxa5 bxa5 30. Ra2 a4 31. Kg2 Ke7 32. Kf3 Kd6 33. Ke4 e5 34. f4 1/2-1/2